Statistiken für Fünf größte Städte in Anglosphärenländern

Klicken Sie hier um das Quiz zu spielen!

Allgemein

  • Dieses Quiz wurde 105 mal gespielt
  • Das Durchschnittsergebnis liegt bei 22 aus 30

Antwortstatistiken

LandEinwohnerStadt% Korrekt
Irland1,173,179Dublin
99%
Vereinigtes Königreich13,709,000London
99%
Australien5,312,163Sydney
99%
Vereinigtes Königreich2,556,000Manchester
96%
Australien5,078,193Melbourne
96%
Australien2,085,973Perth
94%
Vereinigtes Königreich2,241,000Liverpool
93%
Vereinigte Staaten24,214,083New York City
92%
Kanada2,463,431Vancouver
92%
Vereinigtes Königreich3,683,000Birmingham
91%
Vereinigte Staaten18,481,569Los Angeles
91%
Neuseeland215,400Wellington
89%
Kanada5,928,040Toronto
88%
Neuseeland1,467,800Auckland
87%
Vereinigte Staaten9,729,825Chicago
87%
Kanada4,098,927Montreal
86%
Australien2,514,184Brisbane
78%
Vereinigtes Königreich1,395,000Glasgow
78%
Vereinigte Staaten8,718,083Washington D.C.
71%
Australien1,359,760Adelaide
68%
Neuseeland377,200Christchurch
67%
Vereinigte Staaten7,601,061Boston
66%
Kanada1,392,609Calgary
66%
Irland208,669Cork
66%
Kanada1,321,426Edmonton
59%
Irland94,192Limerick
47%
Irland79,934Galway
40%
Irland53,504Waterford
14%
Neuseeland169,300Hamilton
12%
Neuseeland135,000Tauranga
7%

Verteilung der Resultate

Perzentil nach korrekt beantworteten Fragen

Anzahl Personen mit jedem Resultat

Ihre Resultats-Entwicklung

Sie haben dieses Quiz noch nicht gespielt